00494cam a22001692 4500001001100000005001700011008004100028020002800069040001500097050001600112100003100128245006900159260002600228300001100254650003100265700002800296000000531020151217161135.0070611s xx 000 0 eng d a0198504594 :cKES 2,999 aKABUcKABU 0aTX369b.V381 aVaughan, J. G.@000015652914aThe Oxford book of health foods /cJ. G. Vaughan and P. A. Judd. aOxford :bOUP,c2003. a188 p. 0aNatural foods.@00001565301 aJudd, P. A.@0000156531